Queen Albums by Cover - Statistics

General Stats
  • This quiz has been taken 591 times
  • The average score is 13 of 15
Answer Stats
Picture Hint Answer % Correct
21 November 1975 A {Night} at the {Opera}
96%
13 July 1973 {Queen}
95%
8 March 1974 {Queen} {II}
92%
10 November 1978 {Jazz}
89%
8 November 1974 {Sheer} {Heart} {Attack}
88%
10 December 1976 A {Day} at the {Races}
87%
28 October 1977 {News} of the {World}
85%
2 June 1986 A {Kind} of {Magic}
84%
30 June 1980 The {Game}
83%
8 December 1980 {Flash} {Gordon}
82%
1 February 1991 {Innuendo}
82%
27 February 1984 The {Works}
78%
21 May 1982 {Hot} {Space}
77%
22 May 1989 The {Miracle}
75%
6 November 1995 {Made} in {Heaven}
73%
No matching quizzes found
Score Distribution
Percent of People with Each Score
Percentile by Number Answered
Your Score History
You have not taken this quiz